Responses for Show #6703 - Wednesday, November 6, 2013

Rani Peffer game 2.

Contestants

[<< previous game]

Evan Voorn, a student teacher from Fort Worth, Texas

Kellie Herson, a Ph.D. student and teaching assistant originally from Green Bay, Wisconsin

Rani Peffer, a corporate finance manager from Crittenden, Kentucky (whose 1-day cash winnings total $14,311)

[next game >>]

Jeopardy! Round responses

IT'S A FEDERAL HOLIDAY
GET YOUR FACTS STRAIGHT
THE NEW YORK TIMES FOOD
(Alex: And all of the clues will be presented by the paper's food writer, Mark Bittman.)
IN THE WORLD CAPITAL
MYSTERY FOLKS
BEASTLY WORDS & PHRASES
    $200 1
Labor Day

Evan
    $200 16
Van Halen

Kellie
    $200 26
organic

Rani
    $200 6
Havana

Evan
    $200 21
Jack the Ripper

Evan
    $200 11
snake eyes

Kellie
    $400 2
George Washington

Kellie
    $400 17
The Wrestler

Kellie
    $400 27
India

Kellie
    $400 7
Ottawa

Evan
    $400 22
Tiananmen Square

Evan
    $400 12
(Evan: What is your [*]?)

high horse

Evan
    $600 3
Memorial Day

Evan
    $600 18
the half-pipe

Triple Stumper
    $600 28
(Evan: What is a panini?)
[The end-of-round signal sounds.]

chicken

Evan
Triple Stumper
    $600 8
(Evan: What is Rome?)
(Rani: What is Madrid?)
(Kellie: What is Bogotá?)

Mexico City

RaniKellieEvan
Triple Stumper
    $600 23
Ludwig van Beethoven

Triple Stumper
    $600 13
rabbit ears

Kellie
    $800 4
(Rani: What is Columbus Day?)
(Kellie: What is the 4th of July?)
...
(Alex: You're gonna be upset with yourselves over this one. "What is [*]?")

Christmas Day

RaniKellie
Triple Stumper
    $800 19
Tippi Hedren

Kellie
    $800 9
Copenhagen

Evan
    $800 24
(Alex: You're on the plus side again.)
(Rani: Yes!)

D.B. Cooper

Rani
    $800 14
goose-stepping

Evan
    $1,000 5
(Evan: What is Easter?)

Thanksgiving

Evan
    $1000 20
Juno

Rani
    $1000 10
Berlin

Kellie
    $1000 25
(Alex: Right, with less than a minute to go.)

the Man in the Iron Mask

Rani
    $1000 15
(Evan: What are horse tails?)
[Initially ruled incorrect; reversed before the Double Jeopardy! Round]

mares' tails

Evan

Scores at the first commercial break (after clue 13):

Rani Kellie Evan
-$1,400 $800 $1,000

Scores at the end of the Jeopardy! Round:

Rani Kellie Evan
$1,600 $2,600 $2,800

Double Jeopardy! Round responses

PLYMOUTH COLONY
LIT-TREE-TURE
MEDICAL TALK
COLLEGES & UNIVERSITIES
READJUSTED
(Alex: Each correct response will be a short word that is composed of the letters in "readjusted".)
BEATLE-Y WORDS & PHRASES
    $400 19
Plymouth Rock

Rani
    $400 14
Tolkien

Evan
    $400 24
(Alex: Right, with less than a minute to go.)

diabetes

Evan
    $400 11
blue & gray

Kellie
    $400 1
jest

Rani
    $400 6
buy me love

Evan
    $800 20
the Hudson

Evan
    $800 15
The Giving Tree

Evan
    $800 12
Brown

Rani
    $800 2
an udder

Rani
    $800 7
(Evan: [Shakes head])

the long and winding road

RaniEvan
    $1200 21
Myles Standish

Rani
    $1200 16
A Tree Grows in Brooklyn

Kellie
    $2,000 13
(Rani: What is Princeton?)

the University of Missouri

Rani
    $1200 3
juts

Kellie
    $1200 8
"Paperback Writer"

Evan
    $1600 22
William & Mary

Evan
    $2,000 17
(Kellie: Who is Wordsworth?)

Joyce Kilmer

Kellie
    $1600 26
fibromyalgia

Kellie
    $1600 28
[The end-of-round signal sounds.]

Smith

Kellie
    $1600 4
a duster

Rani
    $1600 9
Rocky Raccoon

Evan
    $2000 23
(Evan: Who is Squanto?)

Massasoit

Evan
Triple Stumper
    $2000 18
(Evan: What is the Tree of Knowledge?)

the Tree of Life

RaniEvan
    $2000 25
(Kellie: What is gingivitis?)

thrush

Kellie
Triple Stumper
    $2000 27
the University of San Francisco

Kellie
    $2000 5
a ruse

Rani
    $2000 10
Lovely Rita

Evan

Scores at the end of the Double Jeopardy! Round:

Rani Kellie Evan
$9,600 $6,600 $7,200

[wagering suggestions for these scores]

Final Jeopardy! Round responses

ON THE GLOBE
KellieWhat is the Tropic of Capricorn?
$6,600
EvanWhat is the Tropic of Capricorn
$7,200
RaniWhat is the Tropic of Capricorn?
$4,801
the Tropic of Capricorn

Final scores:

Rani Kellie Evan
$14,401 $13,200 $14,400
2-day champion: $28,712 3rd place: $1,000 2nd place: $2,000

Game dynamics:

Coryat scores:

Rani Kellie Evan
$11,600 $8,600 $8,200
13 R,
3 W
(including 1 DD)
14 R,
4 W
(including 1 DD)
19 R,
6 W
(including 1 DD)

Combined Coryat: $28,400

[game clues] [game scores] [suggest correction]

Game tape date: 2013-09-17
The J! Archive is created by fans, for fans. Scraping, republication, monetization, and malicious use prohibited; this site may use cookies and collect identifying information. See terms. The Jeopardy! game show and all elements thereof, including but not limited to copyright and trademark thereto, are the property of Jeopardy Productions, Inc. and are protected under law. This website is not affiliated with, sponsored by, or operated by Jeopardy Productions, Inc. Join the discussion at JBoard.tv.